Talking about people : readings in contemporary cultural anthropology (Record no. 35228)

MARC details
000 -LEADER
fixed length control field 00474nam a2200181Ia 4500
020 ## - INTERNATIONAL STANDARD BOOK NUMBER
ISBN 9781559341417
050 ## - CALL MARK
Classification number GN 316 .T34/
100 ## - STATEMENT OF RESPONSIBILITY--MAIN AUTHOR NAME
Personal name Haviland, William A.
245 #0 - TITLE STATEMENT
Title Talking about people : readings in contemporary cultural anthropology
260 ## - PUBLICATION, DISTRIBUTION, ETC. (IMPRINT)
Place of publication Mountain View
260 ## - PUBLICATION, DISTRIBUTION, ETC. (IMPRINT)
Name of publisher Mayfield Pub. Co.
260 ## - PUBLICATION, DISTRIBUTION, ETC. (IMPRINT)
Year of publication c1993.
300 ## - PHYSICAL DESCRIPTION
Number of Pages 314 p
650 ## - SUBJECT ADDED ENTRY--TOPICAL TERM
Topical Term Ethnology.
942 ## - ADDED ENTRY ELEMENTS (KOHA)
Koha item type Books
Holdings
Withdrawn status Lost status Source of classification or shelving scheme Damaged status Not for loan Permanent Location Current Location Date acquired Accession Number Price effective from Koha item type
    Library of Congress Classification     NILE UNIVERSITY OF NIGERIA - MAIN LIBRARY NILE UNIVERSITY OF NIGERIA - MAIN LIBRARY 04/23/2025 0010523 04/23/2025 Books